| 000 | 00804nam a2200217 i 4500 | ||
|---|---|---|---|
| 001 | 104216 | ||
| 003 | ES-MaACL | ||
| 005 | 20230906183538.0 | ||
| 007 | t| | ||
| 008 | 051125s1957 ve ||||1| spa d | ||
| 100 | 1 |
_aMiguel Serrano, José Antonio de. _981035 |
|
| 245 | 1 | 3 |
_aEl "Iter Criminis" / _cJosé Antonio de Miguel Serrano; (prólogo del profesor Luis Jiménez de Asua). |
| 260 |
_aCaracas : _bUniversidad Central de Venezuela. Facultad de Derecho, _c1957. |
||
| 300 |
_aXXII, 121 p. ; _c23 cm. |
||
| 490 | 1 |
_aSección de Publicaciones ; _v17 |
|
| 700 | 1 |
_aJiménez de Asúa, Luis, _d1889-1970 _966491 |
|
| 710 | 2 |
_aUniversidad Central de Venezuela. _97083 |
|
| 830 | 0 |
_aSección de Publicaciones ; _v17 _9232629 |
|
| 852 |
_aES-MaACL _jC-12238 _bR.40239 |
||
| 999 |
_c104216 _d104216 |
||